Loading...
| Mythology | 0 | 3 | 1 | 2 | 25 | 123 | 136.67 | 0 | 0 | 1.67 | 4.84 |
| Geography | 0 | 2 | 0 | 2 | 20 | 128 | 132.00 | 0 | 0 | 0.09 | 4.50 |
| Religion | 0 | 2 | 0 | 0 | 20 | 120 | 123.50 | 0 | 0 | 0.82 | 1.66 |
| Fine Arts - Classical Music | 0 | 1 | 0 | 0 | 10 | 147 | 147.00 | 0 | 0 | 0.00 | 0.74 |
| Literature - European | 0 | 1 | 0 | 1 | 10 | 149 | 149.00 | 0 | 0 | 0.04 | 1.47 |
| Science - Other | 0 | 1 | 0 | 1 | 10 | 134 | 134.00 | 0 | 0 | 0.00 | 0.25 |
| Mythology | earth | -5 | 90 |
| Religion | rain | 10 | 120 |
| Mythology | Nǚwā | 10 | 123 |
| Religion | Mānī | 10 | 127 |
| Geography | oysters | 10 | 128 |
| Science - Other | dams | 10 | 134 |
| Geography | cranes | 10 | 136 |
| Mythology | rice | 10 | 142 |
| Fine Arts - Classical Music | Sergei Rachmaninoff | 0 | 144 |
| Mythology | Queen of Sheba | 10 | 145 |